000 00691nam a2200193Ii 4500
003 JO-AjNU
008 230605s9999||||xx |||||||||||||| ||und||
040 _aJO-AjNU
_bara
_erda
_cJO-AjNU
041 _aara
050 1 4 _aBJ37.L5412.1991
100 3 _aليلي، وليام ؛ ترجمة وتقديم وتعليق محمد، علي عبد المعطي ,
_eauthor
_936905
245 0 0 _aالمدخل الى علم الأخلاق
264 3 1 _aالاسكندرية:دار المعرفة الجامعية ، 1991
300 _a493ص
336 _atext
_btxt
_2rdacontent
337 _aunmediated
_bn
_2rdamedia
338 _avolume
_bnc
_2rdacarrier
650 4 _aعلم الاخلاق
_936906
999 _aA15374
_c18942
_d18942